| 000 | 00557nam a22001577a 4500 | ||
|---|---|---|---|
| 999 |
_c534236 _d534236 |
||
| 020 | _qHard Cover. | ||
| 082 | _a620.5 | ||
| 100 | _aMuazim, Khazima | ||
| 245 |
_aSynthesis and Characterization of Graphene Nano-Composites (Graphene Oxide+CoFe2O4) for Biomedical Applications. / _cKhazima Muazim. |
||
| 260 |
_aIslamabad : _bSCME - NUST, _c2016. |
||
| 300 |
_axii, 75 p. ill. ; _c30cm. |
||
| 942 |
_2ddc _cTHE |
||
| 650 |
_aNanosciences and Engineering. _928395 |
||
| 700 |
_aDr. Zakir Hussain. _916137 |
||